[Event "ch-SCO"]
[Site "Edinburgh SCO"]
[Date "2009.07.18"]
[Round "8"]
[White "Tate,A"]
[Black "Arakhamia,K"]
[Result "0-1"]
[WhiteElo "2195"]
[BlackElo "2506"]

1.e4 c5 2.Nf3 e6 3.d4 cxd4 4.Nxd4 Nc6 5.Nc3 d6 6.g4 a6 7.Be3 Nge7 8.f4 b5
9.Nb3 Bb7 10.Qd2 Na5 11.Rg1 Nec6 12.O-O-O Rc8 13.Kb1 Nb4 14.Qf2 Nxb3 15.axb3 Nxc2
16.Qxc2 b4 17.Bc4 bxc3 18.bxc3 Be7 19.f5 Rxc4 20.bxc4 Qa8 21.Ka2 Bxe4 22.Qa4+ Bc6
23.Qa3 O-O 24.Bf4 Bf3 25.Bxd6 Rd8 26.Bxe7 Rxd1 27.Rxd1 Bxd1 28.Qd6 Bxg4 29.f6 h5
30.fxg7 Kxg7 31.Qe5+ Kh7 32.Bc5 Qg2+ 33.Ka3 Qe2 34.Qc7 Kg6 35.Bd4 f6 36.Qe7 e5
37.Qe8+ Kf5 38.Qc8+ Ke4 39.Qc6+ Kd3 40.Bc5 Qf3 41.Qd6+ Kxc3 42.Bb4+  0-1

[Event "Canadian Open"]
[Site "Edmonton CAN"]
[Date "2009.07.18"]
[Round "8"]
[White "Perelshteyn,E"]
[Black "Kovalyov,A"]
[Result "1-0"]
[WhiteElo "2534"]
[BlackElo "2557"]

1.e4 c5 2.Nf3 e6 3.d4 cxd4 4.Nxd4 Nc6 5.Nc3 a6 6.Nxc6 bxc6 7.Bd3 d5 8.O-O Nf6
9.Re1 Bb7 10.Qf3 Be7 11.Qg3 Kf8 12.e5 Nd7 13.Ne2 h5 14.Nd4 Nc5 15.Nf3 h4
16.Qg4 a5 17.Bg5 Ba6 18.Rad1 g6 19.h3 Rh5 20.Bxe7+ Qxe7 21.Re3 Kg7 22.Qf4 Bb7
23.Nh2 Qg5 24.Qd4 Nd7 25.Ng4 c5 26.Qa4 Qe7 27.Bf1 Ra7 28.Qa3 Bc6 29.c4 Nb6
30.cxd5 Nxd5 31.Ree1 Nb4 32.Rc1 Bd5 33.Qe3 Nxa2 34.Rxc5 Rh8 35.Ra1 Nb4 36.Rcxa5 Rb7
37.Ra8 Nc2 38.Rxh8  1-0

[Event "32nd Taminco Open"]
[Site "Ghent BEL"]
[Date "2009.07.18"]
[Round "2"]
[White "Maenhout,T"]
[Black "De Putter,T"]
[Result "1-0"]
[WhiteElo "2312"]
[BlackElo "1988"]

1.e4 c5 2.Nc3 Nc6 3.Nf3 e6 4.d4 cxd4 5.Nxd4 Qc7 6.Be3 a6 7.Qd2 Nf6 8.O-O-O Bb4
9.f3 Ne5 10.Nb3 b5 11.Qe1 Be7 12.f4 Nc4 13.e5 Nxe3 14.Qxe3 b4 15.exf6 bxc3
16.fxe7 cxb2+ 17.Kxb2 Bb7 18.Qe5 Qxe5+ 19.fxe5 Kxe7 20.Rd2 Bc6 21.Na5 Rhb8+
22.Kc1 Bd5 23.c4 Rc8 24.Bd3 Rc5 25.Nb3 Rc7 26.Kb2 Bc6 27.Rf1 a5 28.Nd4 Rb8+
29.Nb5 f6 30.Rdf2 f5 31.a4 Ba8 32.Kc3 Rc5 33.Kd4 Rc6 34.h4 h5 35.Rb1 Rcb6
36.Rfb2 Bc6 37.g3 g6 38.Rb3 Rg8 39.Be2 Be4 40.R1b2 Rgb8 41.Bd1 Bc6 42.Ke3 Kf8
43.c5 R6b7 44.Nd6 Rb4 45.Rxb4 axb4 46.Nb5 Bxb5 47.Rxb4 Rb7 48.axb5  1-0

[Event "13th Battle of Senta Open A"]
[Site "Senta SRB"]
[Date "2009.07.18"]
[Round "1"]
[White "Kadric,D"]
[Black "Andrijevic,M"]
[Result "1-0"]
[WhiteElo "2156"]
[BlackElo "2384"]

1.e4 c5 2.Nf3 e6 3.d4 cxd4 4.Nxd4 Nc6 5.Nc3 Qc7 6.Be2 a6 7.O-O Nf6 8.Be3 Bb4
9.Na4 Be7 10.c4 d6 11.Nc3 Ne5 12.Rc1 O-O 13.b3 Re8 14.f3 b6 15.Qd2 Bb7 16.g4 h6
17.h4 Ng6 18.h5 Ne5 19.Rf2 Rac8 20.Rg2 Ned7 21.g5 hxg5 22.Bxg5 Kh8 23.Kf2 Rg8
24.Rcg1 Qd8 25.Nc2 d5 26.exd5 exd5 27.Ne3 Bc5 28.cxd5 Bb4 29.Rc1 Qc7 30.Bc4 b5
31.h6 g6 32.Qd4 bxc4 33.Bxf6+ Kh7 34.Ne4 g5 35.Nxg5+ Rxg5 36.Rxg5 Bf8 37.Qe4+  1-0

[Event "XXVII Andorra Open"]
[Site "Arinsal AND"]
[Date "2009.07.19"]
[Round "2"]
[White "Morros Faura,R"]
[Black "Kogan,Ar"]
[Result "0-1"]
[WhiteElo "2217"]
[BlackElo "2542"]

1.e4 c5 2.Nf3 e6 3.d4 cxd4 4.Nxd4 Nc6 5.Nc3 Qc7 6.Be3 a6 7.Qd2 Nf6 8.O-O-O Be7
9.f3 h5 10.Kb1 b5 11.Nb3 Ne5 12.Bf4 Rb8 13.a4 bxa4 14.Nxa4 d6 15.Qa5 Qa7
16.Bxe5 dxe5 17.Qxe5 O-O 18.Be2 Bd7 19.Nc3 Rfc8 20.Qd4 Qc7 21.Bxa6 Rb4 22.Qf2 Ra8
23.Bd3 e5 24.Nd5 Nxd5 25.exd5 Ba4 26.d6 Bxd6 27.Be4 Rxe4 28.fxe4 Bxb3 29.cxb3 Qa5
30.Rxd6 Qa1+ 31.Kc2 Rc8+ 32.Kd3 Qxh1 33.Ke2 Qb1 34.Kf3 Rc1 35.Kg3 Qxe4 36.Rd8+ Kh7
37.Qf3 Qg6+ 38.Kh3 Rf1 39.Qe2 Rf2  0-1

[Event "XXVII Andorra Open"]
[Site "Arinsal AND"]
[Date "2009.07.19"]
[Round "2"]
[White "Vega Gutierrez,B"]
[Black "Damljanovic,B"]
[Result "0-1"]
[WhiteElo "2254"]
[BlackElo "2551"]

1.e4 c5 2.Nf3 e6 3.d4 cxd4 4.Nxd4 Nc6 5.Nc3 Qc7 6.Be3 a6 7.f4 b5 8.Bd3 Bb7
9.Nb3 Rc8 10.O-O Na5 11.Nxa5 Qxa5 12.a3 Qc7 13.Kh1 h5 14.Qf3 Nf6 15.Rae1 Ng4
16.Bg1 Bc5 17.h3 Bxg1 18.Kxg1 Qb6+ 19.Kh1 Kf8 20.Qg3 f6 21.Nd1 Nh6 22.c3 Nf7
23.Ne3 Rh6 24.Bb1 Rc5 25.Rd1 Qc7 26.Qf2 g5 27.fxg5 Rxg5 28.Rd2 Bc6 29.Rfd1 Rhg6
30.Qf1 Rg3 31.Re1 Qe5 32.Rf2 Nd6 33.Rf4 Nxe4 34.Ng4 Rxh3+ 35.gxh3 Nf2+ 36.Kg1 Nxh3+
37.Kh2 Qxf4+ 38.Qxf4 Nxf4 39.Bxg6 hxg4 40.Be4 Nd5 41.b3 f5 42.Bg2 f4  0-1

[Event "Maria Albulet Mem"]
[Site "Braila ROM"]
[Date "2009.07.19"]
[Round "1"]
[White "Sandu,Mi"]
[Black "Bulmaga,I"]
[Result "1/2-1/2"]
[WhiteElo "2312"]
[BlackElo "2277"]

1.e4 c5 2.Nf3 e6 3.d4 cxd4 4.Nxd4 Nc6 5.Nc3 Qc7 6.Be3 Nf6 7.Bd3 a6 8.O-O Nxd4
9.Bxd4 Bc5 10.Bxc5 Qxc5 11.Kh1 d6 12.Qf3 O-O 13.Rad1 e5 14.Qg3 Be6 15.Qh4 b5
16.f4 exf4 17.Nd5 Ng4 18.e5 h6 19.exd6 Bxd5 20.Qxg4 Rad8 21.Qf5 g6 22.Qxf4 Kh7
23.a4 Qc6 24.Rd2 Rfe8 25.axb5 axb5 26.Qb4 Re5 27.Bxb5 Bxg2+ 28.Rxg2 Rxb5
29.Qd4 Rd7 30.Kg1 Rd5 31.Qe4 Qxd6 32.c4 Re5 33.Qh4 Qc5+ 34.Kh1 Qc6 35.Kg1 Qb6+
36.Qf2 Qc6 37.Qf6 Qc5+ 38.Kh1 Re6 39.Qc3 Re3 40.Qc2 Red3 41.Rxf7+ Rxf7 42.Qxd3 Qc6
43.Qd5 Rf1+ 44.Rg1 Qxd5+ 45.cxd5 Rf2 46.Rb1 Rd2 47.b4 Rxd5 48.Kg2 Rb5 49.Kf3 g5
50.Ke4 Kg6 51.Kd4 g4 52.Ke4 Rb8 53.b5 h5 54.Ke5  1/2-1/2

[Event "61st ch-MNE"]
[Site "Cetinje MNE"]
[Date "2009.07.19"]
[Round "9"]
[White "Ivanovic,B"]
[Black "Kontic,D"]
[Result "1-0"]
[WhiteElo "2415"]
[BlackElo "2364"]

1.e4 c5 2.Nf3 e6 3.d4 cxd4 4.Nxd4 Nc6 5.Nc3 a6 6.Be3 Nf6 7.f4 Bb4 8.Nxc6 bxc6
9.Bd3 d5 10.Bd2 Bxc3 11.Bxc3 dxe4 12.Bxf6 Qxf6 13.Bxe4 O-O 14.Qh5 h6 15.Qe5 Qxe5
16.fxe5 Rd8 17.Rd1 Rxd1+ 18.Kxd1 Bd7 19.Re1 Kf8 20.Re3 Rb8 21.Kc1 a5 22.c4 c5
23.Kc2 Ba4+ 24.b3 Be8 25.Rd3 Ke7 26.Rd6 f5 27.Bf3 a4 28.Ra6 axb3+ 29.axb3 Rc8
30.Ra7+ Bd7 31.Kc3 g5 32.g3 g4 33.Bg2 Kd8 34.b4 cxb4+ 35.Kxb4 Rb8+ 36.Kc3 Rb1
37.Ra2 h5 38.Kd4 h4 39.gxh4 f4 40.Be4 Rd1+ 41.Kc3 Re1 42.Kd3 Be8 43.Re2 Rd1+
44.Rd2 Re1 45.Rf2 f3 46.Ra2 Kc7 47.Ra7+ Kb6 48.Rb7+ Ka5 49.Rb2 Ka4 50.Kc3 Ka3
51.Rb3+ Ka2 52.Rb2+ Ka1 53.Bd3 Re3 54.Rb6  1-0

[Event "LTC Open A"]
[Site "Leiden NED"]
[Date "2009.07.19"]
[Round "9"]
[White "Van den Doel,E"]
[Black "Savchenko,S"]
[Result "1/2-1/2"]
[WhiteElo "2590"]
[BlackElo "2526"]

1.e4 c5 2.Nf3 e6 3.d4 cxd4 4.Nxd4 Nc6 5.Nc3 a6 6.Nxc6 bxc6 7.Bd3 d5 8.O-O Nf6
9.Qe2 Be7 10.b3 O-O 11.Bb2 Bb7 12.Na4 Qc7 13.Rad1 dxe4 14.Bxe4 Nxe4 15.Qxe4 c5
16.Qg4 g6 17.Qh3 Qc6 18.c4 Rad8 19.f3 Qc7 20.Qg3 Qxg3 21.hxg3 Bc6 22.Nc3  1/2-1/2

[Event "Open"]
[Site "Rethymno GRE"]
[Date "2009.07.19"]
[Round "9"]
[White "Smith,Bry"]
[Black "Konguvel,P"]
[Result "0-1"]
[WhiteElo "2467"]
[BlackElo "2419"]

1.e4 c5 2.Nf3 e6 3.d4 cxd4 4.Nxd4 Nc6 5.Nc3 Qc7 6.Be3 a6 7.Bd3 Nf6 8.O-O Ne5
9.h3 Bc5 10.Kh1 d6 11.f4 Ng6 12.Qe1 O-O 13.f5 Ne5 14.Qh4 b5 15.Rf3 exf5 16.exf5 Nxf3
17.gxf3 Bb7 18.Rg1 Bxf3+ 19.Kh2 Qe7 20.Qg5 Qe5+ 21.Rg3 g6 22.Bf4 Qxd4 23.Rxf3 Rae8
24.Ne2 Qd5 25.Rg3 Ne4 26.Nc3 Nxc3 27.bxc3 Re1 28.Rg2 Qf3 29.Bg3 Be3 30.Qh4 g5
31.Qg4 Qxg4 32.hxg4 Ra1 33.Re2 Bc5 34.f6 Rf1 35.Bf5 h5 36.Kg2 Rg1+ 37.Kf3 h4
38.Bh2 Rf1+ 39.Kg2 Ra1 40.Bd7 Rxa2 41.Rd2 Rd8 42.Bc6 Ra3 43.Rd5 Be3 44.Rd3 Bf4
45.Bxf4 gxf4 46.Rd5 h3+ 47.Kh2 Kh7 48.Rg5 Kh6 49.Rg7 Rxc3 50.Be4 Re8 51.Bf5 Re2+
52.Kh1 Ra3  0-1

[Event "Open"]
[Site "Rethymno GRE"]
[Date "2009.07.19"]
[Round "9"]
[White "Chulivska,V"]
[Black "Venkatesh,M"]
[Result "0-1"]
[WhiteElo "2304"]
[BlackElo "2426"]

1.e4 c5 2.Nf3 Nc6 3.d4 cxd4 4.Nxd4 e6 5.Nc3 Qc7 6.Be3 a6 7.Be2 Nf6 8.O-O b5
9.a3 Bb7 10.f4 Bc5 11.Nf5 Ne7 12.Bxc5 Qxc5+ 13.Qd4 Qxd4+ 14.Nxd4 Nxe4 15.Bf3 Nd6
16.a4 Bxf3 17.Rxf3 b4 18.Na2 Nd5 19.Rb3 Ne4 20.Nxb4 Nc5 21.Nxd5 Nxb3 22.Nxb3 exd5
23.Rd1 Rc8 24.c3 Rc4 25.a5 Ke7 26.Rxd5 Rb8 27.Nc5 Rxb2 28.Nxa6 Rxc3 29.h3 d6
30.Rd4 Rg3 31.Nb4 Rgxg2+ 32.Kf1 Rh2 33.Kg1 Rxh3 34.Nc6+ Kd7 35.Ne5+ Ke6 36.Nd3 Ra2
37.f5+ Kxf5  0-1

[Event "13th Battle of Senta Open A"]
[Site "Senta SRB"]
[Date "2009.07.19"]
[Round "3"]
[White "Bojanic,Br"]
[Black "Arsovic,Z"]
[Result "0-1"]
[WhiteElo "2235"]
[BlackElo "2468"]

1.e4 c5 2.Nf3 e6 3.d4 cxd4 4.Nxd4 Nc6 5.Nc3 Qc7 6.Be2 Nf6 7.O-O Be7 8.Kh1 O-O
9.f4 d6 10.Bf3 Rd8 11.Nxc6 bxc6 12.Qe1 Ba6 13.Rg1 d5 14.e5 Nd7 15.g4 Rab8
16.b3 c5 17.g5 Bb7 18.Bg2 Bc6 19.Bd2 Bf8 20.Ne2 Nb6 21.Ng3 g6 22.Ba5 Qb7
23.Qe2 Rd7 24.Bxb6 Qxb6 25.a4 Qc7 26.Rad1 Rdd8 27.Nf1 Rb4 28.Qf2 c4 29.Nd2 Bb7
30.Rge1 Bc5 31.Qg3 cxb3 32.cxb3 Qb6 33.Qf3 Bf2 34.Rf1 Bd4 35.Rb1 Be3 36.Rfd1 Rxf4
37.Nc4 Rxf3 38.Nxb6 Rf5 39.Nc4 Bc5 40.b4 Be7 41.Na5 Rd7 42.b5 Rf4 43.Nxb7 Rxb7
44.Ra1 Bb4 45.Bf1 Ba5 46.Rdc1 Rf5 47.Rc6 Rxg5 48.Ra6 Bb6 49.Bd3 Rxe5 50.a5 Bf2
51.Kg2 Re1 52.Ra2 Bd4 53.Rc2 Kg7 54.Rc8 Re3 55.Bf1 Ra3 56.Ra8 h5 57.Be2 Kf6
58.h3 Kg5  0-1

[Event "Najdorf Mem Open"]
[Site "Warsaw POL"]
[Date "2009.07.19"]
[Round "2"]
[White "Andriasian,Z"]
[Black "Kosiorek,M"]
[Result "1-0"]
[WhiteElo "2585"]
[BlackElo "2362"]

1.e4 c5 2.Nf3 e6 3.d4 cxd4 4.Nxd4 Nc6 5.Nc3 Qc7 6.f4 d6 7.Be3 Nf6 8.Be2 Be7
9.O-O O-O 10.Kh1 a6 11.a4 Rd8 12.Bf3 Ne5 13.Qe2 Nxf3 14.gxf3 e5 15.Nb3 Be6
16.Qf2 Rd7 17.Rg1 Rc8 18.Rad1 exf4 19.Bxf4 Qd8 20.Be3 Qe8 21.Bd4 g6 22.Qe3 Rdc7
23.a5 Nd7 24.f4 Bf6 25.Nc1 Bxd4 26.Rxd4 Nf6 27.Rxd6 Rxc3 28.bxc3 Bf5 29.Re1 Nxe4
30.Rd4 Qc6 31.Kg1 Nxc3 32.Nd3 Nb5 33.Nb4 Qf6 34.Rd2 Nc7 35.Qd4 Qh4 36.Qf2 Qf6
37.Re5 Rf8 38.Qb6 Ne6 39.Nd5 Qh4 40.Qf2 Qh3 41.Qg3 Kg7 42.Ne3  1-0

[Event "MTO"]
[Site "Biel SUI"]
[Date "2009.07.20"]
[Round "1"]
[White "Belov,Vl"]
[Black "Holzhauer,B"]
[Result "1-0"]
[WhiteElo "2627"]
[BlackElo "2159"]

1.e4 c5 2.Nf3 e6 3.d4 cxd4 4.Nxd4 Nc6 5.Nc3 Qc7 6.Be3 a6 7.Qd2 Nf6 8.O-O-O Bb4
9.f3 O-O 10.g4 b5 11.g5 Ne8 12.a3 Be7 13.Nxc6 Qxc6 14.h4 b4 15.axb4 Bxb4
16.h5 f5 17.gxf6 Nxf6 18.Qd4 Bxc3 19.bxc3 d5 20.e5 Ne8 21.Bd3 Bd7 22.c4 Qa4
23.cxd5 Qxd4 24.Bxd4 exd5 25.h6 g6 26.Bxg6 Nc7 27.Bd3 Ne6 28.Rdg1+ Kh8 29.Rg7 Nxg7
30.hxg7+ Kxg7 31.Rxh7+ Kg8 32.e6 Bxe6 33.Bg6  1-0

[Event "TCh Eur-Youth U18"]
[Site "Pardubice CZE"]
[Date "2009.07.20"]
[Round "5"]
[White "Dragomirescu,R"]
[Black "Sadikhov,U"]
[Result "1-0"]
[WhiteElo "2342"]
[BlackElo "1954"]

1.e4 c5 2.Nf3 e6 3.d4 cxd4 4.Nxd4 Nc6 5.Nc3 d6 6.Be3 Be7 7.Qd2 Nf6 8.f3 O-O
9.O-O-O a6 10.g4 Nd7 11.Kb1 Nde5 12.Be2 b5 13.Nxc6 Nxc6 14.f4 Qa5 15.Bf3 b4
16.Ne2 Rd8 17.Nd4 Bd7 18.Qf2 Rab8 19.e5 d5 20.Nxc6 Bxc6 21.f5 Qc7 22.Bd4 a5
23.b3 a4 24.h4 Bd7 25.f6 Bf8 26.g5 Rdc8 27.h5 Be8 28.Bg4 Qc6 29.fxg7 Bxg7
30.h6 Bh8 31.g6 hxg6 32.h7+ Kf8 33.Rd2 axb3 34.cxb3 Rb7 35.Qf6  1-0

[Event "13th Battle of Senta Open A"]
[Site "Senta SRB"]
[Date "2009.07.20"]
[Round "4"]
[White "Andrijevic,M"]
[Black "Sarenac,D"]
[Result "1/2-1/2"]
[WhiteElo "2384"]
[BlackElo "2227"]

1.e4 c5 2.Nf3 e6 3.d4 cxd4 4.Nxd4 Nc6 5.Nc3 Qc7 6.Be2 a6 7.O-O Nf6 8.Kh1 Nxd4
9.Qxd4 Bc5 10.Qd3 b5 11.f4 Bb7 12.Bf3 h5 13.e5 Ng4 14.Bxb7 Qxb7 15.Ne4 Rc8
16.Bd2 Be7 17.Bc3 Qc6 18.a3 Qc4 19.Rad1 Qxd3 20.Rxd3 Rc4 21.Nd6+ Bxd6 22.Rxd6 Ne3
23.Rxa6 O-O 24.Rf2 Nd1 25.Rf3 Nxc3 26.bxc3 Rfc8 27.Ra5 Rxc3 28.Rxc3 Rxc3
29.g3 Rxc2 30.Rxb5 Ra2 31.Rb7 Rxa3 32.Rxd7 Ra2 33.h4 Rb2 34.Kg1 Ra2 35.Kf1 Rb2
36.Kg1 Ra2  1/2-1/2

[Event "13th Battle of Senta Open A"]
[Site "Senta SRB"]
[Date "2009.07.20"]
[Round "4"]
[White "Strbac,M"]
[Black "Guzsvany,A"]
[Result "1-0"]
[WhiteElo "2292"]
[BlackElo "2104"]

1.e4 c5 2.Nf3 e6 3.d4 cxd4 4.Nxd4 Nc6 5.Nc3 a6 6.Nxc6 bxc6 7.Bd3 d5 8.O-O Nf6
9.Re1 Be7 10.e5 Nd7 11.Qg4 g6 12.b3 Qc7 13.Na4 Bb7 14.c4 Nc5 15.Nxc5 Bxc5
16.Bd2 a5 17.cxd5 cxd5 18.Bb5+ Kf8 19.Bh6+ Kg8 20.Rac1 Rc8 21.Qh4 f5 22.Qf6 Qf7
23.Rxc5 Qxf6 24.Rxc8+ Kf7 25.Rc7+ Qe7  1-0

[Event "Najdorf Mem Open"]
[Site "Warsaw POL"]
[Date "2009.07.20"]
[Round "3"]
[White "Czyz,Ar"]
[Black "Warszawski,B"]
[Result "1/2-1/2"]
[WhiteElo "2064"]
[BlackElo "2293"]

1.e4 c5 2.Nf3 Nc6 3.d4 cxd4 4.Nxd4 e6 5.Nc3 Qc7 6.Be3 a6 7.Bd3 Nf6 8.O-O h5
9.h3 b5 10.Nxc6 Qxc6 11.e5 Bb7 12.f3 Bc5 13.Qe2 Nd5 14.Nxd5 Qxd5 15.Bxc5 Qxc5+
16.Kh1 g5 17.Rae1 Bc6 18.c4 bxc4 19.Bxc4 Rg8 20.Bd3 g4 21.fxg4 hxg4 22.h4 Qd4
23.Qf2 Qxf2 24.Rxf2 Rb8 25.Be4 g3 26.Rd2 Rg4 27.Bxc6 dxc6 28.Re3 Rb5 29.Kg1 Rc5
30.Kf1 Rxh4 31.Rxg3 Rxe5 32.Rc3 c5 33.Ra3 Rh1+ 34.Kf2 Rf5+ 35.Kg3 Rg5+ 36.Kf2 Ke7
37.Rxa6 Kf6 38.Rc6 Rc1 39.a4 c4 40.b4 c3 41.Ra2 Rg4 42.b5 Rb4 43.Ra3 Rb2+
44.Kg3 c2 45.Rac3 Ra2 46.R3c4 Rca1 47.Rxc2 Rxc2 48.Rxc2 Ra3+ 49.Kf2 Rxa4  1/2-1/2

[Event "Najdorf Mem Open"]
[Site "Warsaw POL"]
[Date "2009.07.20"]
[Round "3"]
[White "Weichhold,P"]
[Black "Genutis,M"]
[Result "1/2-1/2"]
[WhiteElo "2082"]
[BlackElo "2317"]

1.e4 c5 2.Nf3 e6 3.d4 cxd4 4.Nxd4 Nc6 5.Nc3 Qc7 6.Be3 a6 7.Bd3 Nf6 8.O-O Ne5
9.Nf3 Nfg4 10.Nxe5 Nxe3 11.Qh5 g6 12.Qf3 Qxe5 13.fxe3 f6 14.Qxf6 Qxf6 15.Rxf6 Bg7
16.Rf3 b5 17.Raf1 Bb7 18.Rf7 Be5 19.Nd1 b4 20.c3 a5 21.Bb5 Rd8 22.Bd3 Rc8
23.cxb4 axb4 24.a3 b3 25.a4 Rc5 26.Bb5 Bc6 27.Bxc6 Rxc6 28.R7f2 Ra6 29.Rd2 Rxa4
30.Nf2 Ke7 31.Nd3 Ra5 32.Rdf2 h5 33.Rf7+ Ke8 34.Nxe5 Rxe5 35.Rg7 Rf8 36.Rd1 Rf7
37.Rxf7 Kxf7 38.Rxd7+ Kf6 39.Rb7 Rxe4 40.Rxb3 Rc4 41.Rc3 Ra4 42.Kf2 Kf5 43.Ke2 Ra1
44.Rc2 Ke4 45.Rc4+ Ke5 46.Rc2 Ke4 47.Rc4+ Ke5 48.Rb4 Rg1 49.Kf2 Rc1 50.h4 Kf5
51.Kf3 Rf1+ 52.Ke2 Rg1 53.Kf2 Rc1 54.Rf4+ Ke5 55.b4 Rb1 56.Rd4 Kf5 57.Rc4 Rb2+
58.Kf3 Rb3 59.Rf4+ Ke5 60.g4 hxg4+ 61.Rxg4 Kf5 62.Rg5+ Kf6 63.Rb5 Rb1 64.Rb8 Rh1
65.Rf8+ Ke5 66.Rf4 Rb1 67.Rc4 Kf5 68.Rc5+ Kf6 69.b5 Rb4 70.e4 Rb3+ 71.Kf4 Rb4
72.Ke3 Ke7 73.Kf3 Kf6 74.Kf4 Ra4 75.Ke3 Rb4 76.Kf4 Ra4 77.b6 Rb4 78.Rc6 Rb5
79.Rd6 Rb4 80.Rc6 Rb5 81.Ke3 Ke5 82.Kd3 Rb1 83.Rc5+ Kd6 84.Rg5 Rxb6 85.Rxg6 Ke5
86.Rg5+ Kf4 87.Rg6 Rd6+  1/2-1/2

[Event "XXVII Andorra Open"]
[Site "Arinsal AND"]
[Date "2009.07.21"]
[Round "4"]
[White "Klein,Fe"]
[Black "Kogan,Ar"]
[Result "1-0"]
[WhiteElo "2301"]
[BlackElo "2542"]

1.e4 c5 2.Nf3 Nc6 3.Nc3 e6 4.d4 cxd4 5.Nxd4 Qc7 6.Be3 a6 7.Qd2 Nf6 8.O-O-O Be7
9.f3 h5 10.Qf2 Ne5 11.Kb1 b5 12.h3 d6 13.Nb3 Rb8 14.Bd3 b4 15.Ne2 a5 16.Nbd4 a4
17.b3 O-O 18.g4 Nxd3 19.cxd3 Nd7 20.gxh5 axb3 21.axb3 Ba6 22.Nf4 Bf6 23.Rc1 Qb7
24.Rhg1 Ne5 25.Bd2 Kh7 26.Qe3 Rfc8  1-0

[Event "XXVII Andorra Open"]
[Site "Arinsal AND"]
[Date "2009.07.21"]
[Round "4"]
[White "Vehi Bach,V"]
[Black "Balogh,C"]
[Result "0-1"]
[WhiteElo "2387"]
[BlackElo "2595"]

1.e4 c5 2.Nf3 e6 3.d4 cxd4 4.Nxd4 Nc6 5.Nc3 Qc7 6.Be3 a6 7.Qd2 Nf6 8.O-O-O Bb4
9.f3 Ne7 10.Nde2 b5 11.Kb1 Ba5 12.Qd6 Qxd6 13.Rxd6 Bb7 14.a3 Bc7 15.Rd2 d5
16.exd5 Nfxd5 17.Nxd5 Nxd5 18.Bg5 f6 19.Bh4 Rd8 20.Bg3 Bb6 21.Rd3 Kf7 22.Nf4 Ne7
23.Rxd8 Rxd8 24.Bd3 g5 25.Ne2 h5 26.Rf1 Nd5 27.Bf2 Bxf2 28.Rxf2 f5 29.Kc1 Kf6
30.b3 h4 31.Kb2 e5 32.g4 Bc8 33.gxf5 Bxf5 34.Be4 Bxe4 35.fxe4+ Nf4 36.Nc3 g4
37.Nd5+ Kg5 38.Rf1 g3 39.hxg3 hxg3 40.Rg1 Kg4  0-1

[Event "MTO"]
[Site "Biel SUI"]
[Date "2009.07.21"]
[Round "2"]
[White "Gallagher,Jo"]
[Black "Grachev,B"]
[Result "0-1"]
[WhiteElo "2455"]
[BlackElo "2669"]

1.e4 c5 2.Nf3 e6 3.d4 cxd4 4.Nxd4 Nc6 5.Nc3 Qc7 6.Be3 Nf6 7.Be2 Be7 8.f4 d6
9.Qd2 a6 10.O-O-O h5 11.h3 h4 12.Qe1 Bd7 13.g4 hxg3 14.Qxg3 g6 15.f5 gxf5
16.exf5 e5 17.Nb3 Bxf5 18.Qf2 Bg6 19.Bd3 Bxd3 20.Rxd3 Nb4 21.Rdd1 Qc4 22.a3 Nc6
23.Qf3 Qh4 24.Kb1 Rd8 25.Rdg1 Qh5 26.Qf2 Qh7 27.Rf1 Rg8 28.h4 Ng4 29.Qf3 Nxe3
30.Qxe3 d5 31.Qb6 Rg2 32.Rc1 Rd7 33.Na4 Nd8 34.Nac5 Rd6 35.Qa7 Rc6 36.Rhe1 f6
37.Red1 d4 38.Nd3 Bd6 39.Na5 Rc8 40.Qb6 Qc7 41.Qb3 Qxa5 42.Rg1 Rcxc2 43.Rxg2 Rxg2
44.Rc8 Qb5 45.Qe6+ Be7 46.Qf5 Rg1+  0-1

[Event "Dutch Open"]
[Site "Dieren NED"]
[Date "2009.07.21"]
[Round "1"]
[White "Van Rosmalen,J"]
[Black "Swinkels,R"]
[Result "0-1"]
[WhiteElo "2206"]
[BlackElo "2516"]

1.e4 c5 2.Nf3 e6 3.d4 cxd4 4.Nxd4 Nc6 5.Nc3 Qc7 6.Be2 a6 7.Be3 b5 8.Nxc6 Qxc6
9.Bf3 Bb7 10.e5 Qc7 11.Bxb7 Qxb7 12.Qd4 Ne7 13.Ne4 Nf5 14.Qd3 Rc8 15.O-O Rc4
16.Nd2 Rc7 17.c3 Be7 18.Rad1 O-O 19.Qe4 Rfc8 20.Qxb7 Rxb7 21.a3 Kf8 22.Nb3 Ke8
23.Na5 Rbb8 24.Ba7 Ra8 25.Bb6 Bf8 26.Rd3 Ne7 27.Rfd1 Nd5 28.Bd4 Rc7 29.g3 g6
30.f4 Be7 31.Kg2 Bd8 32.Kf3 Rb8 33.b4 Rcc8 34.Nb3 Ra8 35.Bc5 a5 36.Nd4 Rab8
37.Nc2 axb4 38.axb4 Bb6 39.Bxb6 Rxb6 40.Ne3 Nxc3 41.R1d2 Rb7 42.h3 Ra7 43.Rc2 Rac7
44.Rcd2 Ke7 45.Rc2 h5 46.Rcd2 Na4 47.Rd6 Rb7 48.g4 Nb6 49.gxh5 gxh5 50.R6d4 Rc3
51.Ke4 Rxe3+ 52.Kxe3 Nc4+ 53.Rxc4 bxc4 54.Rb2 c3 55.Rc2 Rxb4 56.Rxc3 Rb8
57.Rd3 Rg8 58.Ke4 Rg1 59.Kf3 Rg7 60.Ke4 Rg1 61.Kf3 Rg7 62.Ke4 Rg2 63.Kf3 Rg1
64.Ke4 Rg2 65.Kf3 Rg1 66.Ke4 h4 67.Re3 f5+ 68.exf6+ Kxf6 69.Rf3 Re1+ 70.Kd3 Kf5
71.Rf2 Re4  0-1

[Event "Politiken Cup"]
[Site "Helsingor DEN"]
[Date "2009.07.21"]
[Round "5"]
[White "Lindberg,H"]
[Black "Rasmussen,A"]
[Result "0-1"]
[WhiteElo "2240"]
[BlackElo "2536"]

1.e4 c5 2.Nf3 e6 3.d4 cxd4 4.Nxd4 Nc6 5.Nc3 Qc7 6.g3 a6 7.Bg2 d6 8.O-O Bd7
9.Re1 Be7 10.Be3 Nf6 11.a4 Rc8 12.h3 Na5 13.g4 h6 14.Qd3 Nc4 15.Bc1 g5 16.Nce2 h5
17.gxh5 Nxh5 18.b3 Ne5 19.Qe3 f6 20.c4 Kf7 21.Nf3 Rcg8 22.Nxe5+ dxe5 23.Ba3 Nf4
24.Bxe7 Kxe7 25.Nxf4 exf4 26.Qc3 e5 27.Rad1 g4 28.hxg4 Bxg4 29.Rd3 f3 30.Rxf3 Bxf3
31.Qxf3 Rg5 32.Kf1 Rhg8 33.Bh3 Rg1+ 34.Ke2 Qd6 35.Bf1 Qd4 36.Qh3 Qxe4+ 37.Kd2 Qd4+
38.Ke2 Qe4+ 39.Kd2 Qd4+ 40.Ke2 Qe4+ 41.Kd2 Qd4+ 42.Ke2 Qb2+ 43.Kd1 Qb1+ 44.Ke2 Qc2+  0-1

[Event "Politiken Cup"]
[Site "Helsingor DEN"]
[Date "2009.07.21"]
[Round "5"]
[White "Svane,R"]
[Black "Rasmussen,M1"]
[Result "1-0"]
[WhiteElo "2080"]
[BlackElo "1870"]

1.e4 c5 2.Nf3 e6 3.d4 cxd4 4.Nxd4 Nc6 5.Nc3 Qc7 6.g3 a6 7.Bg2 b5 8.O-O Bb7
9.Re1 Bc5 10.Nxc6 Qxc6 11.Qg4 g6 12.a4 b4 13.Nd5 O-O-O 14.Nf4 a5 15.Nd3 Bb6
16.c3 bxc3 17.bxc3 d6 18.Bg5 Rd7 19.Nb4 Qc5 20.Nd3 Qc4 21.Qe2 Ne7 22.Rab1 Ba7
23.Be3 Bxe4 24.Bxa7 Bxd3 25.Qe3 Bxb1 26.Rxb1 Kd8 27.Rb8+ Nc8 28.Qg5+ Ke8
29.Bb7 Rc7 30.Bb6 Kd7 31.Qf6 Re8 32.Qxf7+ Re7 33.Bxc8+ Rxc8 34.Rb7+ Kc6 35.Qxe7 Qe4
36.Qe8+ Kd5 37.Qxc8 Qe1+ 38.Kg2 Qe4+ 39.f3 Qc2+ 40.Bf2  1-0

[Event "Politiken Cup"]
[Site "Helsingor DEN"]
[Date "2009.07.21"]
[Round "5"]
[White "Greeuw,S"]
[Black "Angskog,K"]
[Result "1-0"]
[WhiteElo "1968"]
[BlackElo "2255"]

1.e4 c5 2.Nf3 e6 3.d4 cxd4 4.Nxd4 Nc6 5.Nc3 Qc7 6.Nb3 a6 7.Bd3 Nf6 8.Qe2 Be7
9.Be3 b5 10.f4 d6 11.O-O-O Bb7 12.Rhe1 Na5 13.Kb1 Nc4 14.Bc1 d5 15.f5 b4
16.Nxd5 exd5 17.e5 Ne4 18.e6 O-O-O 19.Bxe4 dxe4 20.Rd7 Rxd7 21.exd7+ Kxd7
22.Rd1+ Bd6 23.Rd4 Rc8 24.Qg4 Ne5 25.Qd1 Ke7 26.Na5 Qxa5 27.Rxd6 Rd8 28.Bg5+ f6
29.Re6+ Kf8  1-0

[Event "Corporation Centre Cup"]
[Site "Izhevsk RUS"]
[Date "2009.07.21"]
[Round "7"]
[White "Ozolin,M"]
[Black "Krutko,A"]
[Result "1-0"]
[WhiteElo "2370"]
[BlackElo "2459"]

1.e4 c5 2.Nf3 e6 3.d4 cxd4 4.Nxd4 Nc6 5.Nc3 Qc7 6.g3 a6 7.Bg2 Nf6 8.O-O Bc5
9.Nxc6 dxc6 10.Na4 Ba7 11.c4 b5 12.e5 Nd7 13.Nc3 Bb7 14.Bf4 O-O 15.Ne4 Nxe5
16.Qd6 Qxd6 17.Nxd6 Nxc4 18.Nxb7 Bd4 19.Rad1 Bxb2 20.Bxc6 e5 21.Bg5 Bd4 22.Bd5 Rac8
23.Rc1 h6 24.Be7 Rfe8 25.Bb4 Rb8 26.Nd6 Nxd6 27.Bxd6 Rbd8 28.Bc6 Re6 29.Bc7 Rf8
30.Kg2 Kh8 31.Bd5 Rg6 32.Rfe1 f5 33.Bxe5  1-0

[Event "TCh Eur-Youth U18"]
[Site "Pardubice CZE"]
[Date "2009.07.21"]
[Round "6"]
[White "Druska,J"]
[Black "Sadikhov,U"]
[Result "1-0"]
[WhiteElo "2122"]
[BlackElo "1954"]

1.e4 c5 2.Nf3 e6 3.d4 cxd4 4.Nxd4 Nc6 5.Nc3 d6 6.Be2 Nf6 7.Bg5 Be7 8.Ndb5 O-O
9.Bxf6 gxf6 10.a4 a6 11.Na3 Rb8 12.O-O Qc7 13.Bc4 Kh8 14.Qh5 Qa5 15.Qh3 Qb6
16.Kh1 Na5 17.Bd3 Qxb2 18.Bxa6 Qb4 19.Be2 Bd7 20.Rfe1 Rbc8 21.Nd5 exd5 22.Qxd7 Rce8
23.exd5 Bd8 24.Nb5 Rg8 25.h3 Nc4 26.c3 Qc5 27.Bxc4 Qxf2 28.Rg1 Re7 29.Qxd6 Re5
30.Raf1 Qh4 31.Rf3 Be7 32.Qb6 Qxc4 33.d6 Bd8 34.Qxb7 Qe6 35.Qc6 Reg5 36.Nd4 Qa2
37.Re3 Re5 38.Rxe5 fxe5 39.Nf5 Qe6 40.Qe4 Rg5 41.Rf1 f6 42.h4 Rg8 43.c4  1-0

[Event "13th Battle of Senta Open A"]
[Site "Senta SRB"]
[Date "2009.07.21"]
[Round "5"]
[White "Bojanic,Br"]
[Black "Andrijevic,M"]
[Result "1/2-1/2"]
[WhiteElo "2235"]
[BlackElo "2384"]

1.e4 c5 2.Nf3 e6 3.d4 cxd4 4.Nxd4 Nc6 5.Nc3 Qc7 6.g3 a6 7.Bg2 Nf6 8.O-O d6
9.a4 Be7 10.Nb3 b6 11.f4 O-O 12.g4 Nd7 13.g5 Re8 14.f5 Bf8 15.Qh5 g6 16.Qh4 Nde5
17.Bf4 Rb8 18.Kh1 Nb4 19.Nd4 Nc4 20.b3 e5 21.bxc4 Qxc4 22.fxg6 fxg6 23.Nde2 exf4
24.Rxf4 Bb7 25.Raf1 Bg7 26.R1f3 Qc7 27.Rf7 Re7 28.Rxe7 Qxe7 29.Rf2 Rc8 30.e5 Bxg2+
31.Kxg2 Nxc2 32.Qe4 Ne1+ 33.Kf1 Bxe5 34.Kxe1 Rxc3 35.Qd5+ Kg7 36.Nxc3 Bxc3+
37.Kf1 Be5 38.h4 h6 39.Qa8 hxg5 40.hxg5 a5 41.Qc8 Bd4 42.Rf4 Bc5 43.Rf6 Bd4
44.Rf4 Be5 45.Rf3 Bd4 46.Qg4 Be5 47.Qh4 Kg8 48.Qh6 Qe8 49.Rf2 Bg7 50.Qh4 Qe6
51.Qf4 Qh3+ 52.Ke2  1/2-1/2

[Event "Najdorf Mem Open"]
[Site "Warsaw POL"]
[Date "2009.07.21"]
[Round "4"]
[White "Sowul,B"]
[Black "Melchers,D"]
[Result "1-0"]
[WhiteElo "2081"]
[BlackElo "2023"]

1.e4 c5 2.Nf3 Nc6 3.d4 cxd4 4.Nxd4 e6 5.Nc3 Qc7 6.Be3 a6 7.Bd3 Nf6 8.O-O b5
9.Nxc6 dxc6 10.a4 b4 11.Nb1 Be7 12.a5 c5 13.Nd2 Bb7 14.f3 O-O 15.Qe2 Rfd8
16.Nc4 Nd7 17.f4 Nf8 18.c3 bxc3 19.bxc3 Rab8 20.Nd2 Qd6 21.Bc4 Qc6 22.Rab1 Nd7
23.Bd3 Qc7 24.Nc4 Bc6 25.Ra1 Rb3 26.Qc2 Rbb8 27.e5 Nf8 28.Nb6 Qb7 29.Rf2 Ng6
30.Qe2 Rxd3 31.Qxd3 Rd8 32.Qe2 Bh4 33.Rff1 Be7 34.Rab1 Be4 35.Rbd1 Nh4 36.Rxd8+ Bxd8
37.Rd1 Bxb6 38.axb6 Qxb6 39.Qxa6 Qb8 40.Qa7 Qe8 41.Qc7 Bd5 42.Rb1 h6 43.Rb8  1-0